Municipalities of Shiga Prefecture - Statistics

General Stats
  • This quiz has been taken 323 times
  • The average score is 13 of 19
Answers on the Map
Answers color-coded by a green-red scale on the quiz's map according to % correct below.
 
Answer Stats
Answer % Correct
Otsu 大津
100%
Nagahama 長浜
88%
Hikone 彦根
86%
Maibara 米原
86%
Kusatsu 草津
83%
Omihachiman 近江八幡
83%
Higashiomi 東近江
73%
Koka 甲賀
71%
Takashima 高島
71%
Moriyama 守山
65%
Ritto 栗東
65%
Konan 湖南
64%
Yasu 野洲
60%
Hino 日野
57%
Ryuo 竜王
53%
Taga 多賀
52%
Aisho 愛荘
50%
Kora 甲良
44%
Toyosato 豊郷
43%
No matching quizzes found
Score Distribution
Percent of People with Each Score
Percentile by Number Answered
Your Score History
You have not taken this quiz